Nontraditional Baby Boy Names U.S. - Statistics

General Stats
  • This quiz has been taken 21,954 times
  • The average score is 20 of 32
Answer Stats
Rank Hint Name % Correct
333 The capital of Egypt Cairo
90%
37 Tom Cruise's code name in "Top Gun" Maverick
87%
269 A bird that rises from its own ashes Phoenix
87%
884 The only U.S. President to ever resign Nixon
84%
96 Our nation's seventh President, but with an X instead of a CKS Jaxon
83%
754 Last name of one of the Beatles Lennon
82%
320 Latin for "greatest" / a word that comes after "gluteus" Maximus
78%
684 Nobleman who outranks an Earl or Marquess Duke
76%
125 Another name for the Holy Land / a national park in Utah Zion
72%
199 A major British soccer star Beckham
69%
189 British luxury car manufacturer Bentley
69%
408 World's largest inland sea Caspian
69%
531 Ivy League university located in New Jersey Princeton
69%
418 A city in Japan famous for beef Kobe
68%
145 A myth, an epic story Legend
68%
386 Italian fashion house known for its men's suits Armani
67%
127 One who is employed in sawing logs Sawyer
67%
465 Former name of the Democratic Republic of the Congo Zaire
67%
488 City in Tennessee on the Mississippi River Memphis
66%
303 Last name of the guitarist who recorded "Purple Haze" Hendrix
64%
514 A rank in the army which outranks captain Major
63%
72 A type of jump in figure skating Axel
60%
432 Greek god of music and light who is inspired by the nine muses Apollo
50%
187 Literally "the anointed one", he will unite the tribes of Israel, rebuild the temple, and usher in an age of global peace. No pressure. Messiah
50%
636 A generic piece of artillery Cannon
49%
182 Company known for making cowboy hats Stetson
40%
283 Brand of rifle Remington
36%
308 Variety of the mineral chalcedony that has black and white bands Onyx
35%
678 Last name of the boxer who Ivan Drago killed in "Rocky IV" Creed
34%
474 A samurai without a master Ronin
29%
174 Lover of the goddess Aphrodite who was killed by a wild boar Adonis
19%
423 The god of thunder who appears in the game "Mortal Kombat" Raiden
18%
No matching quizzes found
Score Distribution
Percent of People with Each Score
Percentile by Number Answered
Your Score History
You have not taken this quiz